000 00514nam a2200181Ia 4500
999 _c34215
_d34215
003 OSt
005 20201118155310.0
008 190216s9999||||xx |||||||||||||| ||und||
020 _a9788173197178
040 _coclc
082 _a530.13
_bSIN/I
100 _aSinha, S K
_94410
245 0 _aIntroduction To Statistical Mechanics /
_cS K Sinha
260 _bNarosa Pubs House,
_aNew Delhi:
_c2005.
300 _a450p
650 _aPhysics
942 _cBK
_2ddc
_h530.13
_iSIN/I
_k530.13
_mSIN/I